| 000 | 00647nam a2200253 i 4500 | ||
|---|---|---|---|
| 001 | bg | ||
| 100 | 1 | _aATKINSON, Frances | |
| 245 | 1 | 0 |
_aRocks and minerals / _cFrances and Richard Atkinson. |
| 250 | _aRev. ed. | ||
| 260 |
_aLondon : _bClaremont Books, _c1996. |
||
| 300 |
_a192 s. : _bfot. (w tym kolor.), rys. ; _c15 cm. |
||
| 490 | 1 | _aObservers | |
| 650 | 9 | _aSkały | |
| 650 | 9 | _aMinerały | |
| 700 | 1 | _aATKINSON, Richard | |
| 830 | _aObservers | ||
| 020 | _a1854710443 | ||
| 040 | _cBPK | ||
| 041 | 0 | _aen | |
| 080 | _a552+553](02.025.2) | ||
| 920 | _a1-85471-044-3 | ||
| 942 | _cKS | ||
| 008 | s pl f |000 0 pol | ||
| 999 |
_c33684 _d33684 |
||
| 856 |
_uhttp://koha.tu.koszalin.pl/cgi-bin/koha/opac-detail.pl?biblionumber=33684 _yKatalog online BPK |
||